00760nam a2200205 a 450000100100000000500170001000800410002702000150006804000250008310000270010824500760013526000400021130000210025150000750027250000210034750000340036850400300040295201050043299900170053700004303220201002040604.0140218s2003 xxu 000 0 spa d a0743235843 aDO-SdBNPbspacBNPHU1 aKugel, James L.97055910aThe god of old :binside the lost world of the bible /cJames L. Kugel. aNew York, :bThe Free press,c2003. a270 p. ;c22 cm. aIncluye datos biografícos del autor en la solapa de la contraportada aIncluye índice aIncluye índice de escritura aBibliografía p: 201-253 001050718MOaGRbGRcCTd2014-02-18iLF1l0o p43032-10r2020-06-25w2020-06-25y1ZNo se presta c42521d42521